Brighter english; a book of short stories, plays, poems and essays with exercises
Saved in:
| Hovedforfatter: | |
|---|---|
| Format: | Bog |
| Sprog: | engelsk |
| Udgivet: |
Londres
Longmans, Green and Co
1953
|
| Udgivelse: | 3a. ed |
| Serier: | Books for Foreign Students
|
| Fag: | |
| Tags: |
Tilføj Tag
Ingen Tags, Vær først til at tagge denne postø!
|
MARC
| LEADER | 00000nam a2200000 a 4500 | ||
|---|---|---|---|
| 001 | UCQ3303 | ||
| 003 | CL-VaPUC | ||
| 008 | 980817e19530000UK |||||||||||||||||eng|d | ||
| 082 | 0 | 4 | |a 807 |b ECK |2 21 |
| 100 | 0 | |a Eckersley, C. E |e author |9 417361 | |
| 245 | 1 | 0 | |a Brighter english; a book of short stories, plays, poems and essays with exercises |
| 250 | |a 3a. ed | ||
| 300 | |a 248 p | ||
| 942 | |c BK | ||
| 945 | |d 19980817 00:00:00 |a crobeson | ||
| 260 | |a Londres |b Longmans, Green and Co |c 1953 | ||
| 650 | 0 | |a Literatura |9 259151 | |
| 650 | 0 | |a Cuentos |9 308079 | |
| 650 | 0 | |a Poemas |9 372646 | |
| 650 | 0 | |a Dramas |9 348974 | |
| 650 | 0 | |a Ensayos |9 268724 | |
| 650 | 0 | |a Inglés |9 260023 | |
| 650 | 0 | |a Enseñanza de idiomas |9 339820 | |
| 650 | 0 | |a Educación lingüística |9 306506 | |
| 583 | |a last modification |c 19980817 00:00:00 |k Rodrigo Vera | ||
| 490 | 0 | |a Books for Foreign Students | |
| 999 | |c 273896 |d 273894 | ||
| 952 | |0 0 |1 0 |4 0 |6 807_000000000000000_ECK_1953 |7 0 |8 A |9 309852 |a BIBEDU |b BIBEDU |d 2019-11-20 |i 1455273 |o 807 ECK 1953 |p 1455273 |r 2019-11-20 |w 2019-11-20 |y BK |k LIT | ||